Statistics for Red 🔴 & White ⚪️ Logo Quiz

Click here to take the quiz!

General Stats

  • This quiz has been taken 238 times
  • The average score is 6 of 12

Answer Stats

Answer% Correct
Coca Cola
99%
Target
89%
Kelloggs
73%
CNN
68%
Colgate
54%
Adobe
45%
Virgin
40%
Vodafone
36%
Mitsubishi
16%
Free
12%
SFR
11%
Paris Match
9%

Score Distribution

Percentile by Number Answered

Percent of People with Each Score

Your Score History

You have not taken this quiz